I 81 Pennsylvania Exits Quiz Stats

Quiz not verified by Sporcle

Also try: World Metros (A-Z)
Challenge
Share
Tweet
Embed
Score 0/73 Timer 10:00
0 Plays Today
Exit No. Exit % Correct
52 A-BUS 11 New Kingstown I 76 Penna Turnpike Middlesex
93.1%
67 A-BUS 22 PA 230 Harrisburg Cameron St US 322 Lewistown State College
86.2%
59PA 581 US 11 Camp Hill
82.8%
65US 11 US 15 Enola Marysville
82.8%
191 A-BUS 6 US 11 Dickson City Scranton Expwy
82.8%
194US 6 US 11 Penna Turnpike I 476 Clarks Summit
82.8%
3US 11 Molly Pitcher Highway
79.3%
70I 83 US 322 Penna Turnpike Hershey York
79.3%
180US 11 PA 502 Moosic
79.3%
187I 84 I 380 Mt Pocono Milford US 6 Carbondale
75.9%
89I 78 Allentown
72.4%
151 A-BI 80 Stroudsburg Bloomsburg
72.4%
72 A-BUS 22 Paxtonia Linglestown
69%
80PA 743 Grantville Hershey
69%
16US 30 Lincoln Way
65.5%
77PA 39 Manada Hill Hershey
62.1%
165 A-BPA 309 Mountain Top Wilkes Barre
62.1%
170 A-BPA 115 Bear Creek PA 309 Wilkes Barre
62.1%
5PA 16 Greencastle Waynesboro
55.2%
66Downtown Harrisburg Front St
55.2%
90PA 72 Lebanon
55.2%
143PA 924 Hazleton
51.7%
168Highland Park Blvd Wilkes-Barre
51.7%
175 A-BPA 315 I 476 Dupont Pittston
48.3%
1PA 163 Mason Dixon Rd State Line
37.9%
37PA 233 Newville
37.9%
85 A-BPA 934 Annville Fort Indiantown Gap
37.9%
124 A-BPA 61 St Clair Frackville
37.9%
138PA 309 McAdoo Tamaqua
37.9%
178PA 315 WB Scr Intl Airport Avoca
34.5%
48PA 74 York Rd
31%
61PA 944 Wertzville Road
31%
107US 209 Tremont Tower City
31%
145PA 93 West Hazleton
31%
164PA 29 Nanticoke
31%
188PA 347 Dunmore Throop
31%
20PA 997 Scotland
27.6%
Exit No. Exit % Correct
24PA 696 Fayette St
27.6%
47 A-BPA 34 Hanover St
27.6%
57PA 114 Mechanicsburg
27.6%
100Pine Grove
27.6%
116PA 901 Minersville
27.6%
186Dunmore Drinker St
27.6%
211PA 106 Lenox PA 92
27.6%
17Walker Road
24.1%
29PA 174 King St
24.1%
112PA 25 Hegins
24.1%
223PA 492 New Milford Lakeside
24.1%
230PA 171 Great Bend Susquehanna
24.1%
10PA 914 Marion
20.7%
14PA 316 Wayne Ave
20.7%
45College Street
20.7%
104PA 125 Ravine
20.7%
184PA 307 River St
20.7%
190Dickson City Main Ave
20.7%
197PA 632 Waverly
20.7%
199PA 524 Scott
20.7%
201PA 438 East Benton
20.7%
202PA 107 Fleetville Tompkinsville
20.7%
205PA 374 Glenwood Lenoxville
20.7%
44PA 465 Allen Road
17.2%
49PA 641 High St
17.2%
69Progress Avenue
17.2%
131 A-BPA 54 Hometown Mahanoy City
17.2%
219PA 848 Gibson
17.2%
141PA 424 Greater Hazleton Chamber of Commerce Beltway
13.8%
217PA 547 Harford
13.8%
185Central Scranton Exprwy
10.3%
119Highridge Park Road
6.9%
134Delano
6.9%
155Dorrance
6.9%
159Nuangola
6.9%
182 A-BMontage Mountain Road Davis St
6.9%

You're not logged in!

Compare scores with friends on all Sporcle quizzes.
Sign Up with Email
OR
Log In

You Might Also Like...

Show Comments

Extras

Top Quizzes Today


Score Distribution

Your Account Isn't Verified!

In order to create a playlist on Sporcle, you need to verify the email address you used during registration. Go to your Sporcle Settings to finish the process.